The difference in length of curves in Rn
We bound the difference in length of two curves in terms of their total curvatures and the Frechet distance. The bound is independent of the dimension of the ambient Euclidean space, it improves upon a bound by Cohen-Steiner and Edelsbrunner, and it generalizes a result by Färy and Chakerian.
Elmentve itt :
| Szerző: | |
|---|---|
| Dokumentumtípus: | Cikk |
| Megjelent: |
Bolyai Institute, University of Szeged
Szeged
2011
|
| Sorozat: | Acta scientiarum mathematicarum
77 No. 1-2 |
| Kulcsszavak: | Matematika |
| Tárgyszavak: | |
| Online Access: | http://acta.bibl.u-szeged.hu/16389 |
| LEADER | 01048nab a2200217 i 4500 | ||
|---|---|---|---|
| 001 | acta16389 | ||
| 005 | 20260309105433.0 | ||
| 008 | 161015s2011 hu o 000 eng d | ||
| 022 | |a 0001-6969 | ||
| 040 | |a SZTE Egyetemi Kiadványok Repozitórium |b hun | ||
| 041 | |a eng | ||
| 100 | 1 | |a Fasy Brittany Terese | |
| 245 | 1 | 4 | |a The difference in length of curves in Rn |h [elektronikus dokumentum] / |c Fasy Brittany Terese |
| 260 | |a Bolyai Institute, University of Szeged |b Szeged |c 2011 | ||
| 300 | |a 359-367 | ||
| 490 | 0 | |a Acta scientiarum mathematicarum |v 77 No. 1-2 | |
| 520 | 3 | |a We bound the difference in length of two curves in terms of their total curvatures and the Frechet distance. The bound is independent of the dimension of the ambient Euclidean space, it improves upon a bound by Cohen-Steiner and Edelsbrunner, and it generalizes a result by Färy and Chakerian. | |
| 650 | 4 | |a Természettudományok | |
| 650 | 4 | |a Matematika | |
| 695 | |a Matematika | ||
| 856 | 4 | 0 | |u http://acta.bibl.u-szeged.hu/16389/1/math_077_numb_001_002_359-367.pdf |z Dokumentum-elérés |